[Event "Challenge"]
[Site "http://www.queenalice.com/game.php?id=509360"]
[Date "2008.12.18"]
[Round "-"]
[White "Deco30"]
[Black "zul48ce"]
[Result "0-1"]
[WhiteElo "1572"]
[BlackElo "1770"]

1. e4 c5 2. Bc4 e6 3. Qf3 Nc6 4. Na3 Nf6 5. Ne2 Be7 6. d3 d5 7. Bb3 dxe4 8. dxe4
O-O 9. Qg3 Nxe4 10. Qg4 Nd6 11. Bh6 Nf5 12. Bf4 e5 13. Bd2 Nfd4 14. Qe4 Bf6 15.
Bc4 Bf5 16. Qe3 Bxc2 17. O-O Nxe2+ 18. Bxe2 Nd4 19. Bc4 h6 20. Rac1 Ba4 21. Qe4
Bc6 22. Qg4 Bg5 23. f4 exf4 24. Bxf4 Bxf4 25. Qxf4 Qg5 26. Bxf7+ Kh8 27. Rf2
Qxf4 28. Rxf4 Ne2+ 29. Kf1 Nxc1 30. Nc4 Bb5 31. b3 Nd3 32. Rf5 Bxc4 33. bxc4 b6
34. Kg1 Rad8 35. Bg6 Rxf5 36. Bxf5 g5 37. Bxd3 Rxd3 38. h3 Kg7 39. Kf2 Kf6 40.
Ke2 Ra3 41. Kf2 Ke5 42. Kg1 Kf4 43. Kh2 Rxa2 44. h4 g4 45. Kg1 g3 46. Kf1 Ke3
47. Ke1 Ra1# 0-1

[Event "Challenge"]
[Site "http://www.queenalice.com/game.php?id=512229"]
[Date "2008.12.24"]
[Round "-"]
[White "zul48ce"]
[Black "ajr"]
[Result "1-0"]
[WhiteElo "1500"]
[BlackElo "1636"]

1. e4 e5 2. Nf3 Nc6 3. Bb5 Nge7 4. O-O a6 5. Ba4 d6 6. c3 Bg4 7. h3 Bxf3 8. Qxf3
Qd7 9. d4 b5 10. Bb3 f6 11. Be3 O-O-O 12. d5 Na5 13. Nd2 Nxb3 14. axb3 Ng6 15.
Rxa6 Nh4 16. Qe2 Kb7 17. Ra7+ Kb8 18. Rfa1 Be7 19. Ra8+ Kb7 20. R1a7# 1-0

[Event "Challenge"]
[Site "http://www.queenalice.com/game.php?id=512286"]
[Date "2008.12.25"]
[Round "-"]
[White "zul48ce"]
[Black "patrick"]
[Result "1-0"]
[WhiteElo "1679"]
[BlackElo "1543"]

1. Nf3 e6 2. c4 Qf6 3. Nc3 Bc5 4. d4 Bb6 5. Bg5 Qf5 6. e4 Qg6 7. Bd3 f5 8. exf5
Qh5 9. fxe6 dxe6 10. c5 Ba5 11. Qa4+ Nc6 12. Bb5 a6 13. Bxc6+ bxc6 14. Qxc6+ Kf7
15. Qxa8 Nf6 16. Ne5+ Ke7 17. Nc6+ Kd7 18. Bxf6 Rf8 19. Ne5+ Qxe5+ 20. Bxe5 g5
21. O-O h5 22. Rad1 h4 23. Ne4 g4 24. Nf6+ Kd8 25. Nxg4 Rf4 26. Bxf4 e5 27.
dxe5+ Ke7 28. Qxc8 Bb4 29. Qxc7+ Ke6 30. Qd7# 1-0

[Event "Challenge"]
[Site "http://www.queenalice.com/game.php?id=513779"]
[Date "2008.12.28"]
[Round "-"]
[White "zul48ce"]
[Black "Frankone"]
[Result "0-1"]
[WhiteElo "1745"]
[BlackElo "1627"]

1. Nf3 Nf6 2. c4 Nc6 3. Nc3 e5 4. e4 Bc5 5. h3 O-O 6. Be2 d6 7. O-O Be6 8. d3
Nd4 9. Nxd4 exd4 10. Nd5 c6 11. Nf4 Bd7 12. Bd2 g5 13. Nh5 Nxh5 14. Bxh5 a5 15.
a3 b5 16. b4 axb4 17. axb4 Rxa1 18. Qxa1 Bb6 19. Qc1 h6 20. c5 dxc5 21. bxc5 Ba5
22. Qb2 Bxd2 23. Qxd2 f5 24. Qa2+ Kg7 25. exf5 Bxf5 26. Rd1 Bd7 27. Bf3 Qf6 28.
Be4 h5 29. Rd2 h4 30. Bf3 Bxh3 31. Bxc6 Qxc6 32. gxh3 Qxc5 33. Qb2 Rf3 34. Kg2
Qd5 35. Kh2 g4 36. hxg4 Rh3+ 37. Kxh3 Qh1# 0-1

[Event "Challenge"]
[Site "http://www.queenalice.com/game.php?id=514441"]
[Date "2008.12.29"]
[Round "-"]
[White "Enxadrista_A"]
[Black "zul48ce"]
[Result "1-0"]
[WhiteElo "1907"]
[BlackElo "1659"]

1. e4 e6 2. Nc3 c5 3. Nf3 Nc6 4. d4 cxd4 5. Nxd4 Bc5 6. Be3 Bxd4 7. Bxd4 Nf6 8.
Be2 O-O 9. O-O d5 10. Bxf6 Qxf6 11. exd5 exd5 12. Qxd5 Be6 13. Qf3 Qe5 14. Rfe1
Rad8 15. Bc4 Qd6 16. Rad1 Qc7 17. Rxd8 Rxd8 18. Bxe6 fxe6 19. Rxe6 Nd4 20. Qg4
Nxe6 21. Qxe6+ Qf7 22. Qe2 Re8 23. Ne4 Qe6 24. f3 h6 25. b3 a6 26. c4 Kf8 27.
Qd2 Qe5 28. c5 Qc7 29. b4 Rd8 30. Nd6 Rd7 31. Qd5 Qc6 32. Qd3 a5 33. Qf5+ Kg8
34. b5 Qc7 35. Qd5+ Kh7 36. b6 Qc6 37. Qxc6 bxc6 38. b7 Rd8 39. Nc8 Rd1+ 40. Kf2
Rb1 41. Nb6 1-0

[Event "SERTANEJO UNIVERSITARIO VI"]
[Site "http://www.queenalice.com/game.php?id=516760"]
[Date "2009.1.4"]
[Round "-"]
[White "perucona"]
[Black "zul48ce"]
[Result "0-1"]
[WhiteElo "1575"]
[BlackElo "1649"]

1. e4 c5 2. d4 cxd4 3. Qxd4 Nc6 4. Qd5 Nf6 5. Qd2 Nxe4 6. Qe2 d5 7. f3 Qa5+ 8.
Bd2 Nxd2 9. Qxd2 e5 10. Qxa5 Nxa5 11. Nc3 Be6 12. O-O-O O-O-O 13. Nb5 Kb8 14.
Rd3 Be7 15. Nh3 a6 16. Nc3 h6 17. Be2 d4 18. Nd1 Bf5 19. Rd2 Bxh3 20. gxh3 Bg5
21. Ne3 Bxe3 22. Kd1 Bxd2 23. Kxd2 Rd7 24. Rg1 f6 25. h4 Rc7 26. f4 e4 27. Kd1
Rd8 28. Rxg7 Rxg7 29. Ke1 d3 30. cxd3 exd3 31. Bd1 d2+ 32. Ke2 Re7+ 33. Kf3 Nc4
34. Bc2 d1=Q+ 35. Bxd1 Rxd1 36. f5 Rf1+ 37. Kg4 Ne3+ 38. Kh5 Nxf5 39. b4 Re5 40.
Kg6 Nxh4+ 41. Kxh6 Rg1 42. a4 Re8 43. Kh7 Nf5 44. b5 Rg7# 0-1

[Event "Challenge"]
[Site "http://www.queenalice.com/game.php?id=518099"]
[Date "2009.1.6"]
[Round "-"]
[White "zul48ce"]
[Black "Tourniquet"]
[Result "1-0"]
[WhiteElo "1708"]
[BlackElo "1794"]

1. Nf3 Nf6 2. c4 b6 3. Nc3 Bb7 4. d4 c5 5. Be3 e6 6. dxc5 Bxc5 7. Bxc5 bxc5 8.
e3 O-O 9. Be2 Nc6 10. O-O d5 11. cxd5 exd5 12. Qd2 a6 13. Rfd1 Ne7 14. b3 Qd7
15. Rac1 Rac8 16. Bc4 h6 17. Qe2 Qf5 18. Bd3 Qh5 19. h3 Nf5 20. Ne5 Qxe2 21.
Bxe2 Rfe8 22. Ng4 d4 23. Nxf6+ gxf6 24. Na4 dxe3 25. Bg4 exf2+ 26. Kxf2 Be4 27.
Nxc5 a5 28. Nxe4 Rxc1 29. Nxf6+ Kf8 30. Rxc1 Re6 31. Nh7+ Kg7 32. Bxf5 Re5 33.
g4 h5 34. Rc7 hxg4 35. hxg4 Re8 36. Ng5 Kf6 37. Ne4+ Kg7 38. Kf3 Kf8 39. Nd6 Re7
40. Rxe7 Kxe7 41. Nb7 1-0

[Event "Challenge"]
[Site "http://www.queenalice.com/game.php?id=518100"]
[Date "2009.1.6"]
[Round "-"]
[White "Tourniquet"]
[Black "zul48ce"]
[Result "1-0"]
[WhiteElo "1792"]
[BlackElo "1769"]

1. e4 c5 2. Nc3 Nc6 3. Bb5 e6 4. d3 Nf6 5. Nf3 d6 6. O-O Bd7 7. Be3 Be7 8. Re1
O-O 9. a3 a6 10. Bxc6 Bxc6 11. h3 Nd7 12. Qd2 Nf6 13. b4 cxb4 14. axb4 Nd7 15.
d4 Nf6 16. e5 Nd5 17. Ne4 Nxe3 18. Qxe3 Rc8 19. c3 dxe5 20. dxe5 Qd5 21. Rad1
Qxe4 22. Qxe4 Bxe4 23. Rxe4 Rxc3 24. Rd7 Bd8 25. Rxb7 Rc1+ 26. Kh2 Rc2 27. Kg1
Rb2 28. Rd4 Ba5 29. Nd2 h6 30. Ne4 Bd8 31. Nc5 Bh4 32. g3 a5 33. Rxh4 axb4 34.
Rhxb4 Rxb4 35. Rxb4 Rc8 36. Ne4 Rc2 37. Kg2 Kh7 38. Nd6 f6 39. exf6 gxf6 40. Rb6
Re2 41. Kf3 Re1 42. h4 Kg6 43. Rb5 h5 44. Rb8 f5 45. Re8 Kf6 46. Nc4 Rc1 47. Nb6
Rc3+ 48. Kg2 Rd3 49. Na4 Rd2 50. Nc5 Re2 51. Nd3 e5 52. Nf4 exf4 53. Rxe2 1-0

[Event "Challenge"]
[Site "http://www.queenalice.com/game.php?id=522689"]
[Date "2009.1.14"]
[Round "-"]
[White "NikaZ"]
[Black "zul48ce"]
[Result "0-1"]
[WhiteElo "1630"]
[BlackElo "1637"]

1. e4 c5 2. Nf3 Nc6 3. d4 cxd4 4. Nxd4 d6 5. Bb5 Bd7 6. Nc3 e6 7. O-O Be7 8.
Nxc6 bxc6 9. Ba4 Nf6 10. Bg5 O-O 11. Bb3 h6 12. Bh4 e5 13. h3 Rb8 14. Re1 Be6
15. Re3 Bxb3 16. axb3 Qc7 17. Rf3 Nd5 18. Nxd5 cxd5 19. Bxe7 Qxe7 20. Qxd5 Rfc8
21. c4 Rc7 22. Rd3 Rb6 23. Qa8+ Kh7 24. Rf1 Rcb7 25. Qc8 Rxb3 26. Rxb3 Rxb3 27.
Rb1 g6 28. Qg4 Qb7 29. Qe2 a5 30. h4 a4 31. h5 a3 32. hxg6+ fxg6 0-1

[Event "Challenge"]
[Site "http://www.queenalice.com/game.php?id=526772"]
[Date "2009.1.21"]
[Round "-"]
[White "zul48ce"]
[Black "eduardofelix"]
[Result "0-1"]
[WhiteElo "1686"]
[BlackElo "1751"]

1. Nf3 d6 2. d4 h6 3. c4 e6 4. Nc3 a6 5. e4 b5 6. cxb5 axb5 7. Bxb5+ c6 8. Bd3
d5 9. O-O Bb4 10. Bd2 dxe4 11. Bxe4 Nf6 12. Qe2 Nxe4 13. Nxe4 Ba6 14. Qe3 Bxf1
15. Kxf1 Bxd2 16. Nexd2 O-O 17. Nc4 Qd5 18. Nb6 Qb5+ 0-1

[Event "Challenge"]
[Site "http://www.queenalice.com/game.php?id=533486"]
[Date "2009.2.2"]
[Round "-"]
[White "puertolimon"]
[Black "zul48ce"]
[Result "0-1"]
[WhiteElo "1658"]
[BlackElo "1743"]

1. e4 c5 2. Bc4 Nc6 3. Nf3 e6 4. d4 cxd4 5. Nxd4 Be7 6. Nxc6 bxc6 7. O-O Nf6 8.
e5 Nd5 9. Bxd5 cxd5 10. Nc3 O-O 11. Qf3 Bb7 12. Nb5 Qb6 13. Qd3 a6 14. Nd4 a5
15. b3 Rac8 16. Be3 Bc5 17. Nb5 Bxe3 18. fxe3 Ba6 19. a4 Qc5 20. c4 dxc4 21.
bxc4 Qxe5 22. Qxd7 Qxe3+ 23. Rf2 Rxc4 24. Nd6 Rc1+ 25. Rxc1 Qxc1+ 26. Rf1 Qxf1#
0-1

[Event "Challenge"]
[Site "http://www.queenalice.com/game.php?id=533777"]
[Date "2009.2.2"]
[Round "-"]
[White "zul48ce"]
[Black "josealexandreschultz"]
[Result "1/2-1/2"]
[WhiteElo "1764"]
[BlackElo "1643"]

1. Nf3 d5 2. d4 c5 3. e3 Nc6 4. Bb5 Qc7 5. O-O e6 6. c4 Nf6 7. Nc3 Be7 8. cxd5
exd5 9. Ne5 O-O 10. Bxc6 bxc6 11. b3 cxd4 12. exd4 Bd6 13. Bf4 Bxe5 14. Bxe5 Qd8
15. f3 Ba6 16. Re1 Re8 17. Na4 Rb8 18. Nc5 Rb6 19. Nxa6 Rxa6 20. Qd3 Rb6 21.
Rac1 Re6 22. Rc5 g6 23. Rec1 Nd7 24. Ra5 Nxe5 25. dxe5 Qc7 26. Rxd5 Rb8 27. Rd7
Qb6+ 28. Qd4 Qxd4+ 29. Rxd4 Rxe5 30. Ra4 Re2 31. Kf1 Rb2 32. Re1 Rb7 33. Re2
Rxe2 34. Kxe2 Re7+ 35. Kf2 Kg7 36. Ra6 c5 37. Ra5 Rc7 38. Ke3 f5 39. g4 Kf6 40.
gxf5 gxf5 41. Kf4 Ke6 42. Ra6+ Kd5 43. Kxf5 Kd4 44. f4 Ke3 45. Re6+ Kf3 46. Rf6
c4 47. bxc4 Rxc4 48. Kg5 Rc2 49. h4 Rxa2 50. h5 a5 51. Kh6 a4 52. Kxh7 Ra1 53.
Kg6 a3 54. h6 a2 55. Kf5 Rh1 56. Ra6 a1=Q 57. Rxa1 Rxa1 58. h7 Rh1 59. Kg6 Kxf4
60. Kg7 Rg1+ 61. Kh8 Ra1 62. Kg7 Ra7+ 63. Kg8 Ra8+ 64. Kg7 Kg5 65. h8=Q Ra7+ 66.
Kf8 Ra8+ 67. Kg7 Ra7+ 68. Kf8 Ra8+ 69. Kg7 1/2-1/2

[Event "Challenge"]
[Site "http://www.queenalice.com/game.php?id=535611"]
[Date "2009.2.5"]
[Round "-"]
[White "Andrei_78"]
[Black "zul48ce"]
[Result "0-1"]
[WhiteElo "1656"]
[BlackElo "1681"]

1. e4 e6 2. d3 c5 3. c4 Nc6 4. Nf3 Be7 5. a3 d6 6. h3 Nf6 7. Be2 O-O 8. Nc3 b6
9. O-O Bb7 10. Bg5 Nd4 11. Nxd4 cxd4 12. Nb5 e5 13. a4 h6 14. Bxf6 Bxf6 15. Qb3
a6 16. Na3 Rc8 17. Bg4 Rc5 18. Rad1 Qc7 19. Bf3 Bc6 20. Bg4 Rb8 21. Nc2 b5 22.
axb5 axb5 23. Qa2 bxc4 24. b4 Ra8 25. Qb1 Rb5 26. Qb2 cxd3 27. Rxd3 Bxe4 28.
Nxd4 exd4 29. Be2 Bxd3 30. Rc1 Rxb4 31. Bxd3 Rxb2 32. Rxc7 Ra1+ 33. Kh2 Be5+ 34.
f4 Bxf4# 0-1

[Event "Challenge"]
[Site "http://www.queenalice.com/game.php?id=535809"]
[Date "2009.2.5"]
[Round "-"]
[White "sioux"]
[Black "zul48ce"]
[Result "0-1"]
[WhiteElo "1759"]
[BlackElo "1749"]

1. e4 c5 2. d3 Nc6 3. g3 e5 4. Nf3 Be7 5. Bg2 Nf6 6. c4 O-O 7. b3 d6 8. a4 Bg4
9. O-O Nd4 10. Nbd2 a6 11. h3 Nxf3+ 12. Nxf3 Be6 13. h4 h6 14. Rb1 Bg4 15. Qd2
Qd7 16. Ba3 Bh3 17. b4 Bxg2 18. Kxg2 Qxa4 19. Ra1 cxb4 20. Bxb4 Qd7 21. Rfb1
Rfb8 22. Ba5 b5 23. Rc1 bxc4 24. Rxc4 Qb5 25. Rc7 Bd8 26. Rcc1 Bxa5 27. Rxa5 Qb4
28. Qxb4 Rxb4 29. Rca1 Rb6 30. Nd2 Rb2 31. Nf3 Ng4 32. Rf1 Ne3+ 33. Kg1 Nxf1 34.
Kxf1 Rb5 35. Ra4 a5 36. Nd2 Rb4 37. Ra3 a4 38. f3 Kf8 39. h5 Ke7 40. Kf2 Ke6 41.
g4 d5 42. Ke3 g6 43. f4 d4+ 44. Kf3 gxh5 45. gxh5 f5 46. Kg3 Rg8+ 47. Kf3 Rg4
48. exf5+ Kxf5 49. fxe5 Rf4+ 50. Kg3 Kxe5 51. Kg2 Rb2 52. Rxa4 Rxd2+ 53. Kg3
Rxd3+ 54. Kh2 Rf2+ 0-1

[Event "Challenge"]
[Site "http://www.queenalice.com/game.php?id=535894"]
[Date "2009.2.6"]
[Round "-"]
[White "goldwing"]
[Black "zul48ce"]
[Result "0-1"]
[WhiteElo "1763"]
[BlackElo "1671"]

1. d4 Nf6 2. Bf4 d6 3. e3 Bg4 4. f3 Bd7 5. d5 e5 6. Bg3 Be7 7. e4 c6 8. Nc3 cxd5
9. exd5 O-O 10. Bc4 a6 11. a4 Nh5 12. Nge2 Nxg3 13. Nxg3 Qb6 14. Qd3 Rc8 15. Bb3
Bg5 16. Nge4 Be7 17. O-O-O Be8 18. g3 Nd7 19. h4 Rc7 20. Ng5 g6 21. Nge4 Nc5 22.
Nxc5 Rxc5 23. Rhe1 Rac8 24. Qe3 Qa5 25. g4 b5 26. Rh1 bxa4 27. Ne4 R5c7 28. Qd2
Qxd2+ 29. Nxd2 axb3 30. Nxb3 Rxc2+ 31. Kb1 Ba4 32. Na1 Rf2 33. b3 Bb5 34. Nc2
Rcxc2 35. Rc1 Rb2+ 36. Ka1 Ra2+ 37. Kb1 Rfb2# 0-1

[Event "Challenge"]
[Site "http://www.queenalice.com/game.php?id=538264"]
[Date "2009.2.10"]
[Round "-"]
[White "PHN"]
[Black "zul48ce"]
[Result "0-1"]
[WhiteElo "1575"]
[BlackElo "1756"]

1. e4 c5 2. d4 cxd4 3. Qxd4 Nc6 4. Qc4 Nf6 5. h3 e6 6. a3 Be7 7. f3 O-O 8. g4 d5
9. Qa4 dxe4 10. f4 Nd5 11. Ne2 Bh4+ 12. Kd1 Nb6+ 13. Qd4 Nxd4 14. Nbc3 Nb3+ 15.
Nd4 Qxd4+ 16. Bd3 exd3 17. cxb3 Bd7 18. Re1 Bxe1 19. Kxe1 Nd5 20. Nxd5 Qxd5 21.
Bd2 Qh1+ 22. Kf2 Qxa1 23. Ke3 Bb5 24. a4 Qg1+ 25. Ke4 Rfd8 26. Ke5 Qd4# 0-1

[Event "Challenge"]
[Site "http://www.queenalice.com/game.php?id=566474"]
[Date "2009.4.3"]
[Round "-"]
[White "zul48ce"]
[Black "doomedbr"]
[Result "0-1"]
[WhiteElo "1764"]
[BlackElo "1899"]

1. g3 e6 2. c4 Na6 3. Bg2 Nc5 4. Nc3 Qf6 5. Nf3 d6 6. O-O e5 7. Nd5 Qd8 8. d3 c6
9. Nc3 Ne6 10. e3 Bd7 11. b3 Ne7 12. Bb2 d5 13. cxd5 cxd5 14. Rc1 d4 15. exd4
exd4 16. Ne4 Nc6 17. Re1 Bb4 18. Re2 O-O 19. Rc4 f5 20. Ned2 Qe7 21. Ne5 Nxe5
22. Rxe5 b5 23. Rc2 Rac8 24. Bd5 Rxc2 25. Qxc2 Kh8 26. Bxd4 Nxd4 27. Rxe7 Nxc2
28. Rxd7 Bxd2 29. Bg2 a5 30. Bc6 f4 31. Bxb5 fxg3 32. hxg3 Be1 33. Kg2 Rxf2+ 34.
Kg1 g6 35. Re7 Rd2 36. Bc4 Bxg3 37. a4 Ne3 38. Rxe3 Bf2+ 0-1

[Event "Challenge"]
[Site "http://www.queenalice.com/game.php?id=568896"]
[Date "2009.4.8"]
[Round "-"]
[White "zul48ce"]
[Black "saiesha"]
[Result "0-1"]
[WhiteElo "1780"]
[BlackElo "1844"]

1. e4 e6 2. d4 d5 3. Nc3 Bb4 4. exd5 exd5 5. Bd2 c6 6. Nf3 Nf6 7. Bd3 O-O 8. O-O
Bg4 9. h3 Bh5 10. a3 Be7 11. Be2 Nbd7 12. Nh2 Bxe2 13. Qxe2 Re8 14. Rae1 Bxa3
15. Qf3 Bxb2 16. Rxe8+ Qxe8 17. Re1 Qf8 18. Ng4 Re8 19. Nxf6+ Nxf6 20. Rb1 Bxc3
0-1